000 00306nam a22001457a 4500
008 221104b ||||| |||| 00| 0 eng d
020 _a0713163690
041 _aeng
080 _a82
082 _a82 MUL
100 _a38.1
101 _aGJUH
245 _aAPHASIA THERAPY
_cMULLER D
942 _2udc
_cBK
999 _c58738
_d58738